000003684 001__ 3684 000003684 005__ 20260410141723.0 000003684 0247_ $$2DOI$$a10.6083/ht24wj630 000003684 037__ $$aIR 000003684 245__ $$aPorting chorus to the PA-RISC: building, debugging, testing and validation 000003684 269__ $$a1992-01-01 000003684 336__ $$aArticle 000003684 520__ $$acse-92-007 000003684 7001_ $$aKonuru, Ravindranath$$uOregon Graduate Institute of Science and Technology$$041352 000003684 8564_ $$96937245e-8735-4ca9-9ee8-6ab1c181c51d$$s583807$$uhttps://digitalcollections.ohsu.edu/record/3684/files/csetech-1.pdf$$ePublic$$2e0481d1d5079ba42f05f00af3248606a$$31 000003684 901__ $$a<p>These documents are archival records. They are retained for historical reference only. </p><p><b>Need an accessible version? Use the "Get Accessible Copy" link above.</b></p> 000003684 905__ $$a/rest/prod/ht/24/wj/63/ht24wj630 000003684 956__ $$aGet Accessible Copy$$uhttps://ohsu.libwizard.com/f/requestaccessibledocument